1681 1553 1649 1911 1707 1624 1734 1017 1962 1580 1355 1429 1829 1673 1167 1414 1444 1686 1579 1516 1420 1824 1543 1407 1321 1501 1636 1970 1278 1422 1109 1293 1804 1647 1576 1668 1303 1149 1333 1351 1543 1332 1783 1643 1944 1505 1902 1607 1778 1087 1417 1350 1248 1566 1055 1236 1770 1778 1870 1612 1486 1867 1916 1092 1728 1047 1937 1865 1897 1766 1348 1551 1572 1669 1750 1255 1398 1624 1596 1008 1898 1467 1453 1017 1763 1302 1787 1227 1181 1800 1177 1167 1177 1890 1508 1095 1954 1239 1895 BCNSPRNW ULIB Ver.6.0+V

เปลี่ยนเป็นภาษาไทย

Change to English
 แสดงรายละเอียดบรรณานุกรม
  กลับหน้าหลัก

Brief Record : Get Marc (ISO 2709) : E-mail record : QR code < ปิดหน้าต่าง
LEADER : 00000nam 2200000uu 4500
001    13399128324
003     ULIB
008    230607s2558||||th 000 0 tha d
020  ^ 9789990087697
060 4^ WY159^bก513
245 0^ การวางแผนการพยาบาลเด็กสุขภาพดีและเด็กป่วย =^bNursing care planfor healthy and ill children /^cรุจา ภู่ไพบูลย์, บรรณาธิการ
246 1^ Nursing care plan for healthy and ill children
250    ^aพิมพ์ครั้งที่ 2
260  ^ กรุงเทพฯ :^bสาขาวิชาการพยาบาลเด็ก โรงเรียนพยาบาลรามาธิบดีคณะแพทยศาสตร์โรงพยาบาลรามาธิบดี มหาวิทยาลัยมหิดล,^c2558
300  ^ 302, [5] หน้า ;^c30 ซม.
650 4^ การพยาบาลกุมารเวชศาสตร์
650 2^ Pediatric Nursing
700  ^ รุจา ภู่ไพบูลย์,^eบรรณาธิการ
710  ^ มหาวิทยาลัยมหิดล.^bคณะแพทยศาสตร์โรงพยาบาลรามาธิบดี.^bโรงเรียนพยาบาลรามาธิบดี
945    ^p350^l0^i29536
945    ^p350^l0^i29537
945    ^p350^l0^i29538
945    ^p350^l0^i29539
945    ^p350^l0^i29540
999    ^aกัณชพร จุลอักษร
รายการนี้ยังไม่มีแท็ก
คุณยังไม่ได้ล็อกอิน คุณสามารถมีกิจกรรมร่วมกับเว็บไซต์ได้ แต่ต้องล็อกอินก่อน ::
  ล็อกอิน

รายการสื่อสารสนเทศ

ลำดับที่ ประเภท เลขเรียก/บาร์โค้ด สถานที่ สถานะ
1. หนังสือสำรอง
หนังสือสำรอง
สถานะ=หนังสือเก่า
WY159 ก513 ฉ.1 
  Barcode: 29536
ห้องสมุดวิทยาเขตนครสวรรค์
►ส่วนจัดเก็บหนังสือเก่า นว.
ถูกยืม กำหนดส่งวันที่ 15 พฤษภาคม 2569
  จอง
2. วิทยาศาสตร์การแพทย์ และสุขภาพ
วิทยาศาสตร์การแพทย์ และสุขภาพ
สถานะ=หนังสือเก่า
WY159 ก513 ฉ.2 
  Barcode: 29537
ห้องสมุดวิทยาเขตนครสวรรค์
►ส่วนจัดเก็บหนังสือเก่า นว.
ถูกยืม กำหนดส่งวันที่ 12 พฤษภาคม 2569
  จอง
3. วิทยาศาสตร์การแพทย์ และสุขภาพ
วิทยาศาสตร์การแพทย์ และสุขภาพ
สถานะ=หนังสือเก่า
WY159 ก513 ฉ.3 
  Barcode: 29538
ห้องสมุดวิทยาเขตนครสวรรค์
►ส่วนจัดเก็บหนังสือเก่า นว.
บนชั้น
  ขอยืม
4. วิทยาศาสตร์การแพทย์ และสุขภาพ
วิทยาศาสตร์การแพทย์ และสุขภาพ
สถานะ=หนังสือเก่า
WY159 ก513 ฉ.4 
  Barcode: 29539
ห้องสมุดวิทยาเขตนครสวรรค์
►ส่วนจัดเก็บหนังสือเก่า นว.
ถูกยืม กำหนดส่งวันที่ 15 พฤษภาคม 2569
  จอง
5. วิทยาศาสตร์การแพทย์ และสุขภาพ
วิทยาศาสตร์การแพทย์ และสุขภาพ
WY159 ก513 ฉ.5 
  Barcode: 29540
ห้องสมุดวิทยาเขตนครสวรรค์
►หนังสือทั่วไป:l:General Books
บนชั้น

รายการใกล้เคียง
    หัวเรื่อง [การพยาบาลกุมารเวชศาสตร์]
    หัวเรื่อง [Pediatric Nursing]

BibComment


ยังไม่เคยถูกคอมเมนท์

คอมเมนท์ทรัพยากรรายการนี้
  คอมเมนท์: การวางแผนการพยาบา..


 Copyright 2026. Bcnsprnw @Library